000 00518nam a22002177a 4500
003 UA-OsUOA
001 52144
007 ta
008 20080130b un ||||| |||| 00| 0 ukr d
100 _aЛеонов І.
090 _a94
_bЛ-47
942 _cSA
040 _aUA-OsUOA
_bukr
_cUA-OsUOA
_dUA-OsUOA
245 _aОб`єктивно про УПА.
300 _aС.3
955 _a0
041 _aukr
080 _a94
773 0 _w52143
650 7 _a9 Географія. Біографії. Історія
_2UDC
999 _c338244
_d338244